000 00767nam a22001817i 4500
999 _c23175
_d23175
003 AR-CdUCM
008 250120b20232023 pe||||| |||| 00| 0 spa d
040 _aMUNICIPALIDAD PROVINCIAL DEL CUSCO
_cBIBLIOTECA MUNICIPAL DEL CUSCO
041 _hspa
082 _a803 / R63M / vol. 1
_bR63M / vol. 1
100 _aRíos Zamalloa, Jorge
_92949
245 _aLos Mallkis y los Malqos en la tierra firme :
_bWillakuy /
260 _aCusco :
_bAutor Editor
300 _a180 páginas. :
_c20x15 cm.
505 _aChalko Mamani - Ima Sumaq -- Los Mallkis -- El Ukuko danzarín -- La ultima batalla -- La pesadilla nacional -- Los Malqos en acción -- El Mallki Ranra -- La gran marcha -- El gran reencuentro -- Las cartas
942 _2ddc
_cLIBROS
945 _apbjr
_d20-01-2025